000 00222nam a22001097a 4500
082 _a691ARO
100 _aArora
245 _aA Textbook of building Construction
260 _aIndia
_c1986
300 _a431
942 _cBK
999 _c14003
_d14003